000 nam a22 a 4500
999 _c421247
_d421247
003 BLK
005 20210623162555.0
008 210623b bu |||||r|||| 00| | bu d
040 _aBLK
041 _aRUS
_cRUS
080 _aРуска литература
_b821.161.1
_x-32
_z821.161.1-32
139 _aЛесной бродяга
245 _aЛесной бродяга
_bПовесть из быта сибирских поселенцев
260 _aМосква
_c1882
300 _a36 с.
_c17 см
380 _aX
490 _9435080
_aКолекция Редки и ценни издания
852 _aРб 882
_bРц
942 _2udc
_cKNG
_n0
_s1
944 _aCR
_c2021-06-23
_kГГГ